000 01020 a2200169 4500
003 Nust
005 20221026145605.0
040 _cNust
082 _a621.31,BAU
100 _aTheodore Baumeister
_9101451
245 _aMechanical Engineers Handbook /
_cTheodore Baumeister
250 _a6th Ed
260 _aLondon
_bMcGraw-Hill
_c1958
300 _axxiv,18-41p;
505 _aMathematical Tables (Page-1-2), Geometry and Mensuration (Page-2-11), Mechanics of Solids (Page-3-2),Thermal Properties of Bodies and Thermodynamics (Page-4-2), Mechanical Properties Of Materials (Page-5-2), General Properties of Materials (Pag6-3), Fuels (Page-7-2), Mechanism (Page-8-3), Sources of Energy (Page-9-3), Hoisting Machinery (Page-10-2), Automobiles (Page-11-2), Industrial Plants (Page-12-2), Foundry Practice and Equipment (Page-13-2), Pumps (Page-14-2), Electrical Engineering (Page-15-2), Instruments (Page-16-2), Industrial Economics and Managements (Page-17-2), Mechanical Refrigeration (Page-18-2).
942 _2ddc
_cBK
999 _c196097
_d196097